Wonders of the World (Man-Made) - Statistics

General Stats
  • This quiz has been taken 38 times
  • The average score is 39 of 105
Answer Stats
Picture Answer % Correct
Colosseum
97%
Leaning Tower of Pisa
97%
Big Ben
94%
Eiffel Tower
94%
Pyramid of Khufu
94%
Burj Khalifa
88%
Louvre
85%
Great Wall of China
82%
Statue of Liberty
82%
Golden Gate Bridge
79%
Petra
79%
Stonehenge
79%
Sydney Opera House
79%
Taj Mahal
79%
White House
79%
Brandenburg Gate
76%
Christ the Redeemer
76%
Sphinx
76%
Suez Canal
76%
Terracotta Army
76%
Hanging Gardens
73%
Notre Dame
73%
Tower Bridge
73%
Machu Picchu
70%
Moai Heads
70%
Mount Rushmore
70%
Pantheon
70%
Parthenon
70%
Angkor Wat
64%
Forbidden City
64%
Times Square
64%
Washington Monument
64%
Saint Louis Arch
61%
Chichen Itza
58%
Hagia Sophia
58%
Arc de Triomphe
55%
Palace of Versailles
55%
Lighthouse of Alexandria
52%
Panama Canal
52%
Trevi Fountain
52%
Lincoln Memorial
48%
Neuschwanstein
48%
Statue of Zeus
48%
Mont Saint-Michel
45%
Colossus of Rhodes
42%
Cologne Cathedral
39%
Temple Mount
39%
Three Gorges Dam
39%
Tower of London
39%
Jefferson Memorial
36%
Reichstag
36%
Saint Peter's Basilica
36%
Winter Palace
36%
Alhambra
30%
Potala Palace
30%
Saint Basil's Basilica
30%
Országház
27%
Battersea Power Station
24%
Kaaba in Mecca
24%
Monticello
21%
Oxford University
21%
Sultan Ahmed Mosque
21%
Temple of Artemis
21%
Doge's Palace
18%
Himeji Castle
18%
Bass Pro Shops Pyramid
15%
Moscow Kremlin
15%
Red Fort
15%
Mausoleum of Halicarnassus
12%
Olmec Heads
12%
Torre de Belem
12%
Borobudur Temple
9%
Pyramid of the Sun
9%
Schönbrunn Palace
9%
Baghdad House of Wisdom
6%
Santa Maria Del Fiore
6%
Tenochtitlan
6%
Dogo Onsen
3%
Grand Canal
3%
Great Bath
3%
Library of Alexandria
3%
Meenakshi Temple
3%
Nan Madol
3%
Serpent Mounds
3%
Ulm Minster
3%
Venetian Arsenal
3%
Apadana Palace
0%
Bolshoi Theatre
0%
Cahokia Mounds
0%
Casa de Contratacion
0%
Etemananki
0%
Gate of All Nations
0%
Great Stele
0%
Hale o Keawe
0%
Jebel Barkal
0%
Kanbawzathadi Palace
0%
Mahadbodhi Temple
0%
Oracle at Delphi
0%
Phoenician Quarter of Byrsa
0%
Porcelain Tower
0%
Ruhr Valley
0%
Temple of Confucius
0%
Teocalli
0%
Tower of Samara
0%
Weiyang Palace
0%
No matching quizzes found
Score Distribution
Percent of People with Each Score
Percentile by Number Answered
Your Score History
You have not taken this quiz